000 00513nam a2200217Ia 4500
003 0100
008 130303s9999 xx 000 0 und d
020 _a534213545
040 _cARRUPELIB
050 _aBS1140.2.B321995
100 _aBandstra, Barry L
245 _aReading the Old Testament
245 _ban introduction to the Hebrew Bible
260 _aBelmont
260 _bWadsworth
260 _C1995
300 _axiv
300 _b 576p. 24cm.
700 _aBarry L. Bandstra
942 0 0 _01
999 _c12866
_d12866